Vývojové trendy v konštrukcii fekálnych návesov a aplikačnej techniky

Bibliographic Details
Main Author: Nerád, Peter (Author)
Format: Article
Language:Slovak
PhysicalDescription:Fotogr.
ISSN:1335-6178
Subjects:

MARC

LEADER 00000nab a2200000 a 4500
001 vtls009084326
003 SK-MaSNL
005 20260304153616.0
008 250506c2007 xo |||||||||||000 b|slo
015 |a SNBRB2007/08  |2 snkbucl 
035 |a (uuid)b718ad7b-13fb-4ea0-9bce-4eaf271323dd 
035 |a urn:nbn:sk:snk-ab1vli 
035 |a (urnnbn)urn:nbn:sk:snk:ar-a012b1 
038 |a SNKBUCL 
040 |a SNKBUCL  |b slo  |c SNKBUCL  |e AACR2 
041 0 |a slo 
044 |a xo  |c SK 
080 |a 631.333  |2 1997 
100 1 |a Nerád, Peter  |4 aut  |9 1455817 
245 1 0 |a Vývojové trendy v konštrukcii fekálnych návesov a aplikačnej techniky  |c Peter Nerád 
300 |b Fotogr. 
650 0 7 |a poľnohospodárska technika  |2 snkbucl  |9 681 
650 0 7 |a fekálne návesy  |2 snkbucl  |9 1455818 
650 0 7 |a aplikátory  |2 snkbucl  |9 1252511 
650 0 7 |a Aplikácia hnojív  |2 snkbucl  |9 713555 
773 0 |t Moderná mechanizácia v poľnohospodárstve  |g Roč. X, č. 6 (2007), s. 5-8  |x 1335-6178 
850 |a Slovenská národná knižnica 
852 |a Slovenská národná knižnica 
954 |a odborná, vedecká literatúra pôvodná (slovenská)  |2 lita 
958 |a article27 
958 |a OND 
958 |a EUIPO 
999 |c 2954283  |d 2956213